Los derechos humanos. (Registro nro. 2389)

Detalles MARC
000 -LEADER
fixed length control field 00831nam a2200205 a 4500
008 - CAMPO DE CONTROL (LIBRO)
fixed length control field 170302t1991 ag ||||f |||| 001 0 spa d
041 ## - CODIGO DE IDIOMA
Código de idioma del texto/pista de sonido o título separado spa
092 ## - SIGNATURA TOPOGRAFICA DEWEY LOCAL
número de clasificación 172
libristica 85
sección TUL
100 1# - ENTRADA PRINCIPAL--NOMBRE PERSONAL
Nombre personal Tulian, Domingo Carlos
9 (RLIN) 3178
245 #4 - TITULO PROPIAMENTE DICHO
Título Los derechos humanos.
Subtítulo y Título paralelo Movimiento social. Conciencia historica. Realidad jurídica /
Mención de responsabilidad y remanente de la transcripción de la portada Domingo Carlos Tulian
250 ## - MENCION DE EDICION
Mención de edición 1a ed.
260 ## - PIE DE IMPRENTA
Lugar de publicación, distribución, etc Buenos Aires:
Nombre de la editorial, distribuidor, etc La colmena ; Hvmanitas;
Fecha de publicación 1991.
300 ## - DESCRIPCION FISICA
Extension 146 p.
500 ## - NOTA GENERAL
Nota general Tulian, D. C. (1991). Los derechos humanos. Movimiento social. Conciencia histórica. Realidad jurídica. (1a ed.). Buenos Aires : Humanitas.
590 ## - NOTAS LOCALES (RLIN)
Nota local Donacion Dora Vera,febrero 2017.
653 #3 - TÉRMINO INDIZADO - PALABRAS CLAVES
Palabra clave El movimiento de la sociedad, el Estado y el Derecho
653 #5 - TÉRMINO INDIZADO - PALABRAS CLAVES
Palabra clave ¿Una realidad muy antigua?
653 #3 - TÉRMINO INDIZADO - PALABRAS CLAVES
Palabra clave El interés propio en el derecho ajeno
942 ## - ADDED ENTRY ELEMENTS (KOHA)
Source of classification or shelving scheme Dewey Decimal Classification
Item type Libros
Existencias
Estado de retiro Existencia Fuente de clasificación Estado general No para prestamo Ubicación permanente ubicación actual Sala de ubicación Fecha de adquisición Fuente de adquisición Total Checkouts Número de clasificación Código de barras Date last seen Número de ejemplar Price effective from Koha tipo de elemento (item) Public note
    Dewey Decimal Classification     Biblioteca Medicina Biblioteca Medicina Circulación 02/03/2017 Donacion Dora Vera, febrero 2017.   172 85 TUL 3816 02/03/2017 Ej.1 02/03/2017 Libros Donacion Dora Vera, febrero 2017.

UNIVERSIDAD NACIONAL DEL COMAHUE
Biblioteca de la Facultad de Ciencias Médicas
Sede Toschi: Los Arrayanes y Av. Toschi, Cipolletti  - Rio Negro
Sede Los Tordos:  Yrigoyen al 2211, Cipolletti - Rio Negro 

Teléfono: 0299 - 4774707 int 25
Contacto: biblioteca@facimed.uncoma.edu.ar
© 2011 - 2026